| 000 | 00398pab a2200145 454500 | ||
|---|---|---|---|
| 008 | 180718b1998 xxu||||| |||| 00| 0 eng d | ||
| 100 | _aStreeck, Wolfgang | ||
| 245 | _aThe internationalization of industrial relations in Europe: prospects and problems | ||
| 260 | _c1998 | ||
| 300 | _ap.429-59 | ||
| 362 | _aDec | ||
| 650 | _aLabour relations | ||
| 773 | _aPolitics and Society | ||
| 909 | _a40040 | ||
| 999 |
_c40040 _d40040 |
||